[Event "EIRCC 2019"]
[Site "Tallinn"]
[Date "2019.12.05"]
[Round "1.33"]
[White "Narva, Regina"]
[Black "Ionov, Sergey"]
[Result "1-0"]
[WhiteElo "1942"]
[BlackElo "2480"]
[Annotator "ChessBase"]
[PlyCount "77"]
[EventDate "2019.12.05"]
[EventType "swiss"]
[EventCountry "EST"]
[SourceTitle "playchess.com"]
[Source "ChessBase"]
[SourceQuality "1"]
[TimeControl "900+10"]

1. e4 {[%emt 0:00:00]} c5 {[%emt 0:00:00]} 2. Nc3 {[%emt 0:00:00]} a6 {[%emt 0:00:07]} 3. Nf3 {[%emt 0:00:03]} e6 {[%emt 0:00:16]} 4. d4 {[%emt 0:00:02]} cxd4 {[%emt 0:00:02]} 5. Nxd4 {[%emt 0:00:01]} Qc7 {[%emt 0:00:24]} 6. g3 {[%emt 0:00:05]} Bb4 {[%emt 0:01:03]} 7. Nde2 {[%emt 0:00:03]} Nf6 {[%emt 0:00:03]} 8. Bg2 {[%emt 0:00:01]} O-O {[%emt 0:00:06]} 9. O-O {[%emt 0:00:01]} Nc6 {[%emt 0:00:26]} 10. h3 {[%emt 0:00:54]} Be7 {[%emt 0:00:04]} 11. g4 {[%emt 0:00:13]} d6 {[%emt 0:00:02]} 12. Ng3 {[%emt 0:00:09]} b5 {[%emt 0:00:12]} 13. a3 {[%emt 0:00:46]} Bb7 {[%emt 0:00:04]} 14. Kh2 {[%emt 0:02:04]} Nd7 {[%emt 0:02:33]} 15. f4 {[%emt 0:00:20]} Rfe8 {[%emt 0:00:57]} 16. g5 {[%emt 0:00:31]} Bf8 {[%emt 0:00:07]} 17. h4 {[%emt 0:02:36]} Nb6 {[%emt 0:01:51]} 18. h5 {[%emt 0:00:23]} Rad8 {[%emt 0:01:12]} 19. Qg4 {[%emt 0:01:02]} b4 {[%emt 0:02:19]} 20. Nce2 {[%emt 0:03:13]} bxa3 {[%emt 0:01:00]} 21. bxa3 {[%emt 0:00:06]} Nc4 {[%emt 0:01:08]} 22. g6 {[%emt 0:00:21]} h6 {[%emt 0:01:21]} 23. gxf7+ {[%emt 0:01:12]} Qxf7 {[%emt 0:00:02]} 24. Rb1 {[%emt 0:00:01]} Ba8 {[%emt 0:00:24]} 25. f5 {[%emt 0:00:12]} N6e5 {[%emt 0:00:41]} 26. Qh3 {[%emt 0:00:17]} Qa7 {[%emt 0:01:23]} 27. fxe6 {[%emt 0:00:46]} Ne3 {[%emt 0:00:04]} 28. Bxe3 {[%emt 0:02:06]} Qxe3 {[%emt 0:00:01]} 29. Nf4 {[%emt 0:00:02]} Be7 {[%emt 0:00:24]} 30. Rb3 {[%emt 0:00:47]} Qd2 {[%emt 0:00:14]} 31. Ng6 {[%emt 0:01:00]} Nxg6 {[%emt 0:00:27]} 32. hxg6 {[%emt 0:00:02]} Bg5 {[%emt 0:00:23]} 33. Rf7 {[%emt 0:00:09]} Qxc2 {[%emt 0:00:48]} 34. Rbf3 {[%emt 0:00:10]} d5 {[%emt 0:00:10]} 35. Nf5 {[%emt 0:00:09]} dxe4 {[%emt 0:00:09]} 36. Rxg7+ {[%emt 0:00:05]} Kh8 {[%emt 0:00:01]} 37. Rh7+ {[%emt 0:00:25]} Kg8 {[%emt 0:00:01]} 38. Nxh6+ Bxh6 39. Rh8+ 1-0

[Event "EIRCC 2019"]
[Site "Tallinn"]
[Date "2019.12.05"]
[Round "1.34"]
[White "Kanep, Meelis"]
[Black "Fabregas, Oliver"]
[Result "1-0"]
[WhiteElo "2466"]
[BlackElo "1934"]
[Annotator "ChessBase"]
[PlyCount "75"]
[EventDate "2019.12.05"]
[EventType "swiss"]
[EventCountry "EST"]
[SourceTitle "playchess.com"]
[Source "ChessBase"]
[SourceQuality "1"]
[TimeControl "900+10"]

1. d4 {[%emt 0:02:24]} Nf6 {[%emt 0:00:00]} 2. Bg5 {[%emt 0:00:04]} c5 {[%emt 0:00:00]} 3. d5 {[%emt 0:00:04]} d6 {[%emt 0:00:20]} 4. Nc3 {[%emt 0:00:03]} h6 {[%emt 0:00:39]} 5. Bxf6 {[%emt 0:00:07]} exf6 {[%emt 0:00:12]} 6. e4 {[%emt 0:00:03]} Be7 {[%emt 0:00:14]} 7. f4 {[%emt 0:00:53]} O-O {[%emt 0:00:31]} 8. Nf3 {[%emt 0:00:10]} Bg4 {[%emt 0:00:34]} 9. h3 {[%emt 0:00:15]} Bxf3 {[%emt 0:00:35]} 10. Qxf3 {[%emt 0:00:02]} Nd7 {[%emt 0:00:16]} 11. Be2 {[%emt 0:00:43]} a6 {[%emt 0:00:20]} 12. a4 {[%emt 0:00:03]} b5 {[%emt 0:01:50]} 13. O-O {[%emt 0:00:48]} b4 {[%emt 0:00:36]} 14. Nd1 {[%emt 0:00:03]} a5 {[%emt 0:00:12]} 15. Ne3 {[%emt 0:00:03]} Nb6 {[%emt 0:00:04]} 16. Kh1 {[%emt 0:00:14]} Qc7 {[%emt 0:00:25]} 17. b3 {[%emt 0:00:05]} Kh8 {[%emt 0:01:05]} 18. Bb5 {[%emt 0:00:12]} Nd7 {[%emt 0:01:06]} 19. Qh5 {[%emt 0:00:17]} Kg8 {[%emt 0:01:10]} 20. Nf5 {[%emt 0:00:13]} Rfe8 {[%emt 0:00:29]} 21. Nxh6+ {[%emt 0:01:02]} gxh6 {[%emt 0:00:19]} 22. Rf3 {[%emt 0:00:10]} Bf8 {[%emt 0:02:26]} 23. Rg3+ {[%emt 0:00:04]} Bg7 {[%emt 0:00:50]} 24. Qg4 {[%emt 0:00:03]} Kf8 {[%emt 0:00:08]} 25. Bxd7 {[%emt 0:00:04]} Bh8 {[%emt 0:00:38]} 26. Bxe8 {[%emt 0:00:26]} Rxe8 {[%emt 0:00:10]} 27. Qf5 {[%emt 0:00:12]} c4 {[%emt 0:00:25]} 28. Re1 {[%emt 0:00:16]} cxb3 {[%emt 0:00:44]} 29. cxb3 {[%emt 0:00:03]} Qc8 {[%emt 0:00:19]} 30. Qh7 {[%emt 0:00:34]} Ke7 {[%emt 0:00:24]} 31. Qxh6 {[%emt 0:00:03]} Qc5 {[%emt 0:00:27]} 32. Qh4 {[%emt 0:00:05]} Kd7 {[%emt 0:00:14]} 33. Rd3 {[%emt 0:00:33]} Qc2 {[%emt 0:00:42]} 34. Qg4+ {[%emt 0:00:46]} Ke7 {[%emt 0:00:19]} 35. Rdd1 {[%emt 0:00:02]} Qxb3 {[%emt 0:00:21]} 36. Rc1 {[%emt 0:00:03]} Kf8 {[%emt 0:00:24]} 37. Rc7 {[%emt 0:00:06]} Bg7 {[%emt 0:00:31]} 38. Qd7 {[%emt 0:00:04]} 1-0

[Event "EIRCC 2019"]
[Site "Tallinn"]
[Date "2019.12.05"]
[Round "1.35"]
[White "Sanz Losada, Victoriano"]
[Black "Loginov, Valery A"]
[Result "0-1"]
[WhiteElo "1932"]
[BlackElo "2461"]
[Annotator "ChessBase"]
[PlyCount "104"]
[EventDate "2019.12.05"]
[EventType "swiss"]
[EventCountry "EST"]
[SourceTitle "playchess.com"]
[Source "ChessBase"]
[SourceQuality "1"]
[TimeControl "900+10"]

1. d4 {[%emt 0:00:00]} Nf6 {[%emt 0:00:00]} 2. c4 {[%emt 0:00:00]} e6 {[%emt 0:00:00]} 3. Nc3 {[%emt 0:00:01]} Bb4 {[%emt 0:00:00]} 4. e3 {[%emt 0:00:04]} O-O {[%emt 0:00:04]} 5. Nge2 {[%emt 0:00:04]} d5 {[%emt 0:00:02]} 6. a3 {[%emt 0:00:04]} Bd6 {[%emt 0:00:04]} 7. Ng3 {[%emt 0:01:46]} c5 {[%emt 0:01:26]} 8. dxc5 {[%emt 0:01:17]} Bxc5 {[%emt 0:00:06]} 9. b4 {[%emt 0:02:24]} Bb6 {[%emt 0:00:12]} 10. c5 {[%emt 0:03:04]} Bc7 {[%emt 0:00:04]} 11. Bb2 {[%emt 0:00:03]} Nc6 {[%emt 0:00:17]} 12. Nb5 {[%emt 0:00:20]} Bb8 {[%emt 0:00:59]} 13. Bd3 {[%emt 0:01:29]} e5 {[%emt 0:02:33]} 14. O-O {[%emt 0:03:16]} a6 {[%emt 0:02:06]} 15. Nc3 {[%emt 0:00:03]} Bg4 {[%emt 0:01:16]} 16. f3 {[%emt 0:00:03]} Be6 {[%emt 0:00:07]} 17. e4 {[%emt 0:00:32]} d4 {[%emt 0:00:35]} 18. Nce2 {[%emt 0:00:30]} Ne7 {[%emt 0:03:51]} 19. Qd2 {[%emt 0:00:14]} Ng6 {[%emt 0:00:04]} 20. Nf5 {[%emt 0:00:35]} Qd7 {[%emt 0:00:28]} 21. Qg5 {[%emt 0:00:38]} Bxf5 {[%emt 0:00:12]} 22. exf5 {[%emt 0:00:08]} h6 {[%emt 0:00:12]} 23. Qd2 {[%emt 0:00:10]} Ne7 {[%emt 0:00:02]} 24. g4 {[%emt 0:00:09]} Nfd5 {[%emt 0:00:39]} 25. Ng3 {[%emt 0:00:09]} Ne3 {[%emt 0:00:10]} 26. Rf2 {[%emt 0:00:02]} N7d5 {[%emt 0:00:03]} 27. Be4 {[%emt 0:00:09]} Nf4 {[%emt 0:00:33]} 28. Kh1 {[%emt 0:00:01]} Nc4 {[%emt 0:00:02]} 29. Qc2 {[%emt 0:00:11]} Nxb2 {[%emt 0:00:21]} 30. Qxb2 {[%emt 0:00:01]} a5 {[%emt 0:00:04]} 31. b5 {[%emt 0:00:08]} Qe7 {[%emt 0:00:11]} 32. Rc1 {[%emt 0:00:24]} a4 {[%emt 0:00:09]} 33. Ne2 {[%emt 0:00:26]} Nh3 {[%emt 0:00:22]} 34. Rg2 {[%emt 0:00:15]} Rd8 {[%emt 0:00:06]} 35. c6 {[%emt 0:00:41]} bxc6 {[%emt 0:00:10]} 36. Rxc6 {[%emt 0:00:25]} Ra7 {[%emt 0:00:16]} 37. Nc1 {[%emt 0:00:01]} Nf4 {[%emt 0:00:28]} 38. Rd2 {[%emt 0:00:02]} Bd6 {[%emt 0:00:02]} 39. Nd3 {[%emt 0:01:00]} Bxa3 {[%emt 0:00:10]} 40. Qa2 {[%emt 0:00:01]} Bb4 {[%emt 0:00:40]} 41. b6 {[%emt 0:00:42]} Rad7 {[%emt 0:00:26]} 42. Rd1 {[%emt 0:00:15]} Nxd3 {[%emt 0:00:11]} 43. Rxd3 {[%emt 0:00:09]} a3 {[%emt 0:00:02]} 44. Rc4 {[%emt 0:00:10]} Rb8 {[%emt 0:00:12]} 45. b7 {[%emt 0:00:01]} Bd6 {[%emt 0:00:09]} 46. Rc8+ {[%emt 0:00:05]} Rd8 {[%emt 0:00:02]} 47. Rd1 {[%emt 0:00:12]} Rdxc8 {[%emt 0:00:06]} 48. bxc8=Q+ {[%emt 0:00:04]} Rxc8 {[%emt 0:00:01]} 49. Rb1 {[%emt 0:00:05]} h5 {[%emt 0:00:29]} 50. Kg2 {[%emt 0:00:05]} hxg4 {[%emt 0:00:03]} 51. fxg4 {[%emt 0:00:01]} Qg5 {[%emt 0:00:08]} 52. h3 {[%emt 0:00:01]} Qe3 {[%emt 0:00:12]} 0-1

[Event "EIRCC 2019"]
[Site "Tallinn"]
[Date "2019.12.05"]
[Round "1.36"]
[White "Thorfinnsson, Bragi"]
[Black "Jonsson, Gauti Pall"]
[Result "1-0"]
[WhiteElo "2457"]
[BlackElo "1929"]
[Annotator "ChessBase"]
[PlyCount "81"]
[EventDate "2019.12.05"]
[EventType "swiss"]
[EventCountry "EST"]
[SourceTitle "playchess.com"]
[Source "ChessBase"]
[SourceQuality "1"]
[TimeControl "900+10"]

1. Nc3 {[%emt 0:00:00]} d5 {[%emt 0:00:00]} 2. d4 {[%emt 0:00:06]} Nf6 {[%emt 0:00:16]} 3. Bf4 {[%emt 0:00:19]} g6 {[%emt 0:00:35]} 4. e3 {[%emt 0:00:33]} Bg7 {[%emt 0:00:08]} 5. h4 {[%emt 0:00:05]} h5 {[%emt 0:00:33]} 6. Nf3 {[%emt 0:00:46]} Bf5 {[%emt 0:00:32]} 7. Bd3 {[%emt 0:01:17]} c6 {[%emt 0:00:33]} 8. Qe2 {[%emt 0:00:52]} Nbd7 {[%emt 0:00:27]} 9. O-O-O {[%emt 0:00:36]} Qa5 {[%emt 0:01:22]} 10. Ne5 {[%emt 0:01:02]} Ne4 {[%emt 0:00:42]} 11. Bxe4 {[%emt 0:00:26]} dxe4 {[%emt 0:00:22]} 12. Nxd7 {[%emt 0:00:50]} Bxd7 {[%emt 0:00:06]} 13. Kb1 {[%emt 0:00:15]} Be6 {[%emt 0:00:30]} 14. a3 {[%emt 0:00:23]} b5 {[%emt 0:00:01]} 15. Nxe4 {[%emt 0:00:37]} O-O {[%emt 0:00:35]} 16. Nc5 {[%emt 0:00:32]} Bc4 {[%emt 0:01:02]} 17. Qd2 {[%emt 0:00:03]} Qd8 {[%emt 0:00:02]} 18. g4 {[%emt 0:01:00]} e5 {[%emt 0:00:54]} 19. Bxe5 {[%emt 0:00:37]} Bxe5 {[%emt 0:00:05]} 20. dxe5 {[%emt 0:00:02]} Qxd2 {[%emt 0:00:15]} 21. Rxd2 {[%emt 0:00:01]} hxg4 {[%emt 0:00:02]} 22. Rd4 {[%emt 0:00:55]} Rad8 {[%emt 0:00:28]} 23. Nd7 Rxd7 {[%emt 0:00:34]} 24. Rxd7 {[%emt 0:00:06]} Bd5 {[%emt 0:00:01]} 25. Rg1 {[%emt 0:00:07]} Kg7 {[%emt 0:00:03]} 26. Rxa7 {[%emt 0:00:12]} Rh8 {[%emt 0:00:01]} 27. Rxg4 {[%emt 0:00:09]} Be6 {[%emt 0:00:04]} 28. Rg1 {[%emt 0:00:29]} Rxh4 {[%emt 0:00:02]} 29. f4 {[%emt 0:00:27]} Rh3 {[%emt 0:00:15]} 30. Re1 {[%emt 0:00:01]} Rh2 {[%emt 0:00:01]} 31. Rc7 {[%emt 0:00:13]} Bd5 {[%emt 0:00:23]} 32. e4 {[%emt 0:00:02]} Be6 {[%emt 0:00:03]} 33. Rxc6 {[%emt 0:00:08]} Rf2 {[%emt 0:00:01]} 34. f5 {[%emt 0:00:22]} gxf5 {[%emt 0:00:01]} 35. exf5 {[%emt 0:00:01]} Bxf5 {[%emt 0:00:06]} 36. b4 {[%emt 0:00:17]} Rf3 {[%emt 0:00:04]} 37. Kb2 {[%emt 0:00:02]} Kf8 {[%emt 0:00:14]} 38. Rc5 {[%emt 0:00:29]} Rf2 {[%emt 0:00:01]} 39. Rd1 {[%emt 0:00:14]} Re2 {[%emt 0:00:13]} 40. Rd6 {[%emt 0:00:02]} Kg7 {[%emt 0:00:11]} 41. Rb6 {[%emt 0:00:24]} 1-0

[Event "EIRCC 2019"]
[Site "Tallinn"]
[Date "2019.12.05"]
[Round "2.1"]
[White "Sargissian, Gabriel"]
[Black "Wallin, Aleksi"]
[Result "1-0"]
[WhiteElo "2715"]
[BlackElo "2219"]
[Annotator "TA"]
[PlyCount "84"]
[EventDate "2019.12.05"]
[EventType "swiss"]
[EventCountry "EST"]
[SourceTitle "playchess.com"]
[Source "ChessBase"]
[SourceQuality "1"]

{[%evp 13,84,33,40,26,36,27,41,9,51,47,58,45,63,39,42,16,29,31,44,15,131,137,124,27,21,0,80,60,85,57,73,68,63,68,65,51,63,59,57,45,74,79,106,89,131,81,195,212,294,282,400,391,568,218,217,136,148,151,118,126,521,516,9264,6634,29990,29974,29979,29980,29980,29981,29981,29982,29981]} 1. d4 d5 2. c4 c6 3. Nf3 Nf6 4. e3 Bf5 5. Nc3 e6 6. Nh4 Bg4 7. Qb3 Qc7 8. h3 {D12: Slav Defence: 3 Nf3 Nf6 4 e3 Bf5} (8. Bd2 Bh5 9. Rc1 dxc4 10. Bxc4 Be7 11. h3 Qb6 12. g3 Nbd7 13. O-O Nd5 14. Ng2 Bg6 15. f3 O-O {½-½ (48) Aronian,L (2781)-Vallejo Pons,F (2705) Linares 2010}) 8... Bh5 9. g4 Bg6 10. cxd5 {White is slightly better.} exd5 11. Nxg6 hxg6 12. g5 $146 ({Predecessor:} 12. Bg2 Bd6 13. Bd2 Qe7 14. O-O-O Na6 15. e4 dxe4 {1-0 (24) Vagoohian,R (1695)-Haghshenas,Z (1785) Rasht 2013}) 12... Nfd7 13. e4 dxe4 14. Nxe4 Nb6 15. Bd2 N8d7 16. O-O-O a5 (16... Nd5 $11 {keeps the balance.}) 17. Re1 $16 {Intending Nd6+! and mate.} Be7 18. Nc3 ({Better is} 18. h4 $16) 18... Kf8 $11 19. h4 Bd6 (19... a4 $11 {remains equal.} 20. Qc2 a3) 20. Kb1 a4 21. Qc2 Kg8 22. a3 Nf8 23. Re4 Ne6 24. Bh3 Nf4 25. Bxf4 Bxf4 26. Bg2 Nc4 {And now ...Nd2+ would win.} 27. Ka2 Nd2 28. Ree1 $1 Nb3 29. d5 Bd2 {[#]} (29... c5 $16) 30. Rd1 $1 $18 Bxc3 31. Qxc3 c5 (31... Rb8 $142 32. dxc6 bxc6 33. Bxc6 (33. Qxc6 Qb6 $18) 33... Rc8) 32. d6 Qb6 (32... Qd7 $142 33. Bd5 Rf8) 33. Bd5 $2 (33. Qe5) 33... Nd4 34. Rxd4 cxd4 {[#]} 35. Qf3 $1 $36 {[%cal Rf3f7][%mdl 2560] White is really pushing.} Rf8 ({Stronger than} 35... Qxd6 36. Qxf7+ Kh7 37. h5 Qxd5+ 38. Qxd5 Rhf8 39. h6 Rad8 40. Qe5 Rd7 41. hxg7+ Kg8 42. Rh8+ Kf7 43. gxf8=Q#) 36. Qf4 {[%mdl 1024] White has strong compensation.} Qc5 $2 {[%mdl 8192]} (36... Qb5 $16 {is more resistant.} 37. Qxd4 Qd7) 37. Qe5 {Black must now prevent Bxf7+!} b6 {[#]} (37... Qc8 $142 38. h5 Qd7) 38. h5 $1 {[%mdl 512]} d3 (38... gxh5 39. d7) 39. h6 {[%csl Gh6][%cal Re5g7] White mates.} Rh7 40. hxg7 Rxg7 41. d7 d2 {[#]} 42. Bxf7+ $1 {[%mdl 512]} Kxf7 {Accuracy: White = 57%, Black = 29%.} (42... Rfxf7 43. d8=Q+) 1-0

[Event "EIRCC 2019"]
[Site "Tallinn"]
[Date "2019.12.05"]
[Round "2.2"]
[White "Promyshlyanskiy, Vitaliy"]
[Black "Motylev, Alexander"]
[Result "0-1"]
[WhiteElo "2211"]
[BlackElo "2703"]
[Annotator "TA"]
[PlyCount "55"]
[EventDate "2019.12.05"]
[EventType "swiss"]
[EventCountry "EST"]
[SourceTitle "playchess.com"]
[Source "ChessBase"]
[SourceQuality "1"]

{[%evp 9,55,0,22,-7,-19,-20,0,-31,-10,-25,-12,-43,-36,-38,-27,-70,-75,-99,-72,-72,-77,-75,-56,-46,-49,-93,-46,-45,-56,-122,-119,-122,-115,-248,-244,-412,-404,-584,-583,-1860,-1854,-1784,-1758,-1767,-1731,-1985,-1982,-29994]} 1. e4 c5 2. Nc3 Nc6 3. Bb5 Nd4 4. Bc4 e6 5. Nge2 a6 6. d3 {B23: Closed Sicilian: Lines without g3} (6. a4 Nf6 7. O-O d5 8. exd5 exd5 9. Ba2 Be7 10. Nxd4 cxd4 11. Ne2 d3 12. cxd3 O-O 13. d4 {½-½ (47) Motylev,A (2654)-Frolyanov,D (2538) Yaroslavl 2019}) 6... b5 7. Bb3 $1 Nc6 8. O-O {The position is equal.} Nf6 9. Bg5 Be7 10. Ng3 h6 11. Bxf6 Bxf6 12. Nh5 $146 ({Predecessor:} 12. f4) 12... Bd4 13. Qe2 Qh4 14. Nd1 {[#]} Be5 $1 {[%csl Ge5][%cal Rh4h2][%mdl 512]} 15. Ng3 h5 16. c3 Bb7 17. Qe3 Bf4 18. Qxc5 Ne5 19. f3 ({Better is} 19. Bc2 $15) 19... Nxd3 $17 20. Qd4 Ne5 21. Qf2 (21. a4 $17) 21... Rh6 $40 {[%mdl 128] Black attacks with force.} 22. Bc2 $2 (22. Qb6 Bc6 23. Rf2) 22... Rg6 {[%cal Rg6g3]} 23. Ne3 (23. Qb6 $142 Rxg3 24. hxg3 Bxg3 25. Rf2) 23... Rxg3 {Black is clearly winning.} ({Not} 23... Bxg3 24. hxg3 Rxg3 25. Qd2 $17) 24. Qe1 {[#]} Rxg2+ $1 {[%mdl 512]} 25. Nxg2 Qxh2+ 26. Kf2 Bg3+ {[%mdl 64] Skewer} 27. Ke3 Nc4+ 28. Kd4 {Accuracy: White = 20%, Black = 77%.} 0-1

[Event "EIRCC 2019"]
[Site "Tallinn"]
[Date "2019.12.05"]
[Round "2.3"]
[White "Chibukhchyan, Erik"]
[Black "Mamedov, Rauf"]
[Result "0-1"]
[WhiteElo "2211"]
[BlackElo "2679"]
[Annotator "TA"]
[PlyCount "78"]
[EventDate "2019.12.05"]
[EventType "swiss"]
[EventCountry "EST"]
[SourceTitle "playchess.com"]
[Source "ChessBase"]
[SourceQuality "1"]

{[%evp 18,78,38,44,68,34,36,28,48,7,23,22,29,0,0,0,0,-14,-15,-20,-18,-27,-23,-101,-56,-62,-56,-102,-102,-94,-93,-105,-98,-197,-198,-397,-399,-389,-390,-475,-472,-417,-396,-519,-553,-608,-586,-761,-758,-815,-809,-768,-636,-629,-612,-623,-581,-972,-967,-897,-929,-738,-635]} 1. e4 c5 2. Nf3 Nc6 3. d4 cxd4 4. Nxd4 g6 5. c4 Nf6 6. Nc3 d6 7. Be2 Nxd4 8. Qxd4 Bg7 9. Be3 O-O 10. Qd2 a5 {B36: Sicilian: Maroczy Bind: Gurgenidze System} 11. f3 a4 12. Rc1 (12. O-O Be6 13. Rab1 Nd7 14. b4 axb3 15. axb3 Qa5 16. b4 Qa3 17. Rfc1 Rfc8 18. Nd5 Bxd5 19. exd5 h5 20. Rc2 b6 {½-½ (39) Ponomariov,R (2675)-Mamedov,R (2650) Hengshui 2019}) 12... Be6 {White has an edge.} 13. Nb5 Nd7 14. O-O Qa5 15. Rfd1 (15. Qc2 {keeps more tension.} Nc5 16. Bg5 f6 17. Bh4 Rf7 18. Be1) 15... Rfc8 16. Qxa5 Rxa5 17. Bd2 Raa8 18. Rc2 Ne5 $146 {[%cal Re5c4]} ({Predecessor:} 18... Nc5 19. Bg5 Kf8 20. Be3 Bd7 21. Nc3 Bc6 22. Kf2 Bf6 {0-1 (76) Petenyi,T (2308)-Kanarek,M (2422) Pardubice 2009}) 19. Na3 f5 20. Rdc1 (20. exf5 $11 Bxf5 21. Rcc1) 20... fxe4 21. fxe4 Nc6 {Threatens to win with ...Nd4.} 22. Bc3 Nd4 23. Bxd4 Bxd4+ 24. Kh1 Ra5 $36 {[%mdl 2048] Black is in control.} 25. Nb5 {[#]} (25. Bd3 $17) 25... Be3 $1 $19 26. Nc3 $2 (26. Re1 {was forced.}) 26... Bxc1 27. Rxc1 Kg7 28. Rd1 Bxc4 29. Bg4 Rf8 30. Bf3 a3 {Black is clearly winning.} 31. b3 Be6 32. h4 Rc5 33. Rd3 Rfc8 34. Ne2 Ra5 35. Kh2 Bf7 36. Nd4 h5 37. Kg3 e5 38. Ne2 Rc2 39. Nc3 {[#]} Rc5 {Played: Bf7xb3} 0-1

[Event "EIRCC 2019"]
[Site "Tallinn"]
[Date "2019.12.05"]
[Round "2.4"]
[White "Turov, Maxim"]
[Black "Opryshko, Stanislav"]
[Result "1-0"]
[WhiteElo "2647"]
[BlackElo "2205"]
[Annotator "TA"]
[PlyCount "83"]
[EventDate "2019.12.05"]
[EventType "swiss"]
[EventCountry "EST"]
[SourceTitle "playchess.com"]
[Source "ChessBase"]
[SourceQuality "1"]

{[%evp 19,83,38,49,45,52,46,69,61,88,59,79,64,67,68,70,53,68,41,45,42,56,57,50,42,75,50,93,96,97,72,93,94,100,42,50,42,57,58,81,80,79,96,97,82,83,16,13,16,22,0,6,0,0,-6,154,160,403,372,348,265,391,368,861,554,449,0]} 1. d4 Nf6 2. Nf3 e6 3. c4 Bb4+ 4. Bd2 Qe7 5. g3 b6 6. Bg2 Bb7 7. O-O Bxd2 8. Nbxd2 O-O 9. Qc2 d6 10. e4 e5 11. Rfe1 {E16: Queen's Indian: 4 g3 Bb7 5 Bg2 Bb4+} c5 (11... Nbd7 12. Rad1 Rfe8 13. b4 a5 14. c5 bxc5 15. bxc5 dxc5 16. d5 c6 17. Rb1 Ba6 18. dxc6 Nb8 19. Rec1 Nxc6 20. Qxc5 Nb4 21. Qxe7 Rxe7 {1-0 (59) Sargsyan,A (2339)-Petriashvili,N (2479) Yerevan 2019}) 12. d5 $1 Nbd7 13. a3 $146 {White is slightly better.} ({Predecessor:} 13. Nf1 Bc8 14. Nh4 g6 15. Qd2 a6 16. Qg5 Kh8 17. a4 Ng8 18. Qxe7 Nxe7 {1-0 (51) Dragomirescu,C (2233)-Baciu,A (1566) Sarata Monteoru 2011}) 13... Rfc8 14. Bh3 Rc7 15. Nb1 a6 16. Nc3 Rb8 17. Nh4 g6 18. Ng2 Bc8 19. a4 Nf8 20. Bxc8 Rcxc8 21. Qe2 Qd7 22. f4 Qh3 23. fxe5 dxe5 24. Ne3 N8d7 25. Rf1 Rf8 26. a5 (26. Rf3 $16) 26... Ne8 $14 27. axb6 Rxb6 28. b4 Nd6 ({Of course not} 28... cxb4 $6 29. Na4 $16) 29. b5 axb5 30. cxb5 f5 31. exf5 gxf5 32. Nc4 (32. Ra7 $16 Rf7 33. Ra8+ Kg7 34. Ra4) 32... Nxc4 $11 33. Qxc4 Rg6 34. Ra2 Kh8 35. Rg2 Rg7 36. b6 e4 $2 (36... Rb8 $11) 37. b7 $36 {[%mdl 2048] Keeping Black busy.} Ne5 $2 (37... Qh6 $16) 38. Qxc5 $18 ({Don't take} 38. Qxe4 Ng6 $18) 38... Rfg8 {Threatens to win with ...Nf3+.} 39. Ne2 Nf3+ {[#]} (39... Rxb7 {was called for.} 40. Qc3 Re8) 40. Kh1 $1 Qh5 $2 (40... Rxb7 41. Qc3+ Rbg7) 41. Qc8 Qe8 {[#]} 42. Qc5 $2 {[%mdl 32768] Accuracy: White = 50%, Black = 35%. . Loss on time!?} ({White must play} 42. Rc1 $1 $18 Qb5 43. Rc7) 1-0

[Event "EIRCC 2019"]
[Site "Tallinn"]
[Date "2019.12.05"]
[Round "2.5"]
[White "Brendel, Oliver"]
[Black "Ziska, Helgi Dam"]
[Result "0-1"]
[WhiteElo "2203"]
[BlackElo "2646"]
[Annotator "TA"]
[PlyCount "48"]
[EventDate "2019.12.05"]
[EventType "swiss"]
[EventCountry "EST"]
[SourceTitle "playchess.com"]
[Source "ChessBase"]
[SourceQuality "1"]

{[%evp 17,48,16,37,37,37,35,24,12,14,-9,0,-43,-38,-45,-41,-72,-70,-77,-68,-65,-58,-63,-62,-248,-247,-261,-271,-29971,-29973,-29951,-12834,-5606,-5606]} 1. c4 g6 2. g3 Bg7 3. Bg2 d6 4. Nc3 e5 5. e4 Nc6 6. Nge2 f5 7. d3 Nf6 8. O-O O-O 9. Nd5 Nh5 10. exf5 {A26: English Opening vs King's Indian with ...Nc6 and d3} Bxf5 11. h3 {Threatens to win with g4.} Be6 12. Be3 {White has an edge.} Qd7 13. Kh2 Nd4 14. Nxd4 (14. Bxd4 $5 exd4 15. Nef4 Nxf4 16. Nxf4 $11) 14... exd4 {[#]} 15. Bg5 $146 ({Predecessor:} 15. Bd2 c6 16. Nb4 a5 17. Nc2 d5 {0-1 (38) Glud,J (2506)-Ziska,H (2551) Runavik 2016}) 15... c6 $36 {[%mdl 2048] Black fights for an advantage.} 16. Nf4 Nxf4 17. Bxf4 {[#]} Rxf4 $1 {[%mdl 512]} 18. gxf4 Rf8 19. Qe2 Rxf4 {Strongly threatening ...Be5.} 20. c5 $2 ({White must play} 20. Rh1 $1 $15) 20... Be5 $19 ({Much less strong is} 20... dxc5 21. Rfe1) 21. Kg1 Bxh3 22. Bxh3 $2 {[#]} (22. f3 $19) 22... Qxh3 23. f3 Rf5 24. f4 Bxf4 {Accuracy: White = 35%, Black = 100%.} 0-1